banner-ar

10 علماء غيروا العالم / (Record no. 60461)

MARC details
000 -الفاتح
حقل البيانات ثابتة الطول 01387nam a22003257a 4500
005 - وقت وتاريخ اخر تعامل مع التسجيلة
رقم الضبط 20240530110411.0
008 - عناصر البيانات ثابتة الطول - معلومات عامة
حقل البيانات ثابتة الطول 150216s2011 ua o a 000 0 ara d
017 ## - رقم الايداع القانونى
رقم الايداع القانونى 2010/11242
المصدر ( الهيئة المختصة) مصر . دار الكتب المصرية
020 ## - الرقم الدولى المعيارى للكتب
الرقم الدولى المعيارى للكتاب 9771421654
040 ## - مصدر الفهرسة
وكالة الفهرسة الأصلية EG-CaGPL
041 0# - رمز اللغة
رمز لغة النص/ المسارات الصوتية أو العنوان الانفرادي ara
رمز لغة الترجمات و/او الاصلية المتوسطة للنص eng
082 04 - رقم تصنيف ديوى العشرى
رقم الطبعة 21
رقم التصنيف 920.7
رقم المادة ط/ج ع
100 1# - المدخل الرئيسى - إسم شخصى
الإسم الشخصى جيفورد ، كلايف
245 10 - بيان العنوان
العنوان 10 علماء غيروا العالم /
بيان المسئوليه,etc تاليف كلايف جيفورد ؛ رسوم ديقيد كوزنز ؛ ترجمة ادارة النشر و الترجمة بدار نهضة مصر للنشر ؛ اشراف عام داليا محمد ابراهيم
260 ## - PUBLICATION, DISTRIBUTION, ETC. (IMPRINT)
تاريخ النشر أو التوزيع 2011
300 ## - الوصف المادى
التعداد 63 ص :
تفاصيل ماديه اخرى للوعاء ايض ؛
أبعاد الوعاء 32 سم
600 04 - المدخل الاضافى بالموضوع-اسم شخصى
الإسم الشخصى ارشميدس
600 04 - المدخل الاضافى بالموضوع-اسم شخصى
الإسم الشخصى جاليليو جاليلى
600 04 - المدخل الاضافى بالموضوع-اسم شخصى
الإسم الشخصى بنيامين فرانكلين
600 04 - المدخل الاضافى بالموضوع-اسم شخصى
الإسم الشخصى جيمس واط
600 04 - المدخل الاضافى بالموضوع-اسم شخصى
الإسم الشخصى تماس اديسون
600 04 - المدخل الاضافى بالموضوع-اسم شخصى
الإسم الشخصى مارى كورى
600 04 - المدخل الاضافى بالموضوع-اسم شخصى
الإسم الشخصى نيكولا تسلا
650 04 - المدخل الاضافى بالموضوع-مصطلح موضوعى
مصطلح موضوعي العلماء
التقسيم الفرعي العام تراجم
700 1# - المدخل الاضافى - اسم شخصى
الإسم الشخصى كوزنز ، ديقيد
الدور رسام
700 0# - المدخل الاضافى - اسم شخصى
الإسم الشخصى داليا محمد ابراهيم
الدور مشرف
710 2# - المدخل الاضافى - اسم هيئه
اسم الهيئة أو اسم السلطة كمدخل ادارة النشر و الترجمة بدار نهضة مصر للنشر
الدور مترجم
942 ## - عناصر المدخل الإضافي( كوها)
مصدر التصنيف او مخطط الترفيف Dewey Decimal Classification
Koha [default] item type كتاب
260 ## - PUBLICATION, DISTRIBUTION, ETC. (IMPRINT)
-- القاهرة :
-- نهضة مصر للطباعة و النشر و التوزيع ،
Holdings
حالة التراجع حالة الفقد حالة تلف ليس للاعارة المكان المؤقت الموقع الحالى تاريخ الاكتساب اجمالي اﻻعارات رقم الطلب الباركود تاريخ اخر مشاهدة تاريخ تفعيل السعر نوع وعاء كوها
        مكتبة القاهرة الكبرى مكتبة القاهرة الكبرى 02/16/2015   920.7 ط/ج ع 159517 02/16/2015 02/16/2015 كتاب

Powered By

EGPV